Integración : discriminar para no discriminar (Record no. 88546)
[ view plain ]
| 000 -CABECERA | |
|---|---|
| campo de control de longitud fija | 00445nab a2200157 a 4500 |
| 005 - FECHA Y HORA DE LA ÚLTIMA TRANSACCIÓN | |
| campo de control | 20240420063857.0 |
| 008 - ELEMENTOS DE LONGITUD FIJA--INFORMACIÓN GENERAL | |
| campo de control de longitud fija | 991125s1985 mx 000 0 spa u |
| 035 ## - NÚMERO DE CONTROL DEL SISTEMA | |
| Número de control de sistema | UPN01000114645 |
| 100 1# - ASIENTO PRINCIPAL--NOMBRE PERSONAL | |
| Nombre de persona | CEDRON, Sandra |
| 222 ## - TÍTULO CLAVE | |
| Título clave | LA EDUCACION EN LOS PRIMEROS AÑOS |
| 245 ## - MENCIÓN DE TÍTULO | |
| Título | Integración : discriminar para no discriminar |
| 300 ## - DESCRIPCIÓN FÍSICA | |
| Extensión | 46-57 |
| 362 0# - FECHAS DE PUBLICACIÓN Y/O DESIGNACIÓN SECUENCIAL | |
| Fecha de publicación y/o designación secuencial | 2000 Año 3, no. 21 (feb.) |
| 650 #4 - ASIENTO SECUNDARIO DE MATERIA - TERMINO TEMATICO | |
| Término de materia o nombre geográfico como elemento de entrada | Educación especial |
| 9 (RLIN) | 3029 |
| 905 ## - TIPO DE MATERIAL | |
| Tipo de material | Articulo |
No items available.
